Riconosci lo Stato - Quiz n°70 - Statistics

Statistiche generali
  • Questo quiz è stato fatto 42 volte
  • Il punteggio medio è 11 su 13
Statistiche sulle risposte
Indizio Risposta % Corretto
Iniziale della Capitale M
95%
Valuta Scellino
92%
Popolazione 12 388 249 ab.
89%
Primo ministro Hamza Abdi Barre
89%
Presidente della Repubblica Hassan Sheikh Mohamud
89%
Superficie 637 657 km²
86%
Fuso Orario UTC+3
86%
Forma di Governo Repubblica parlamentare federale
84%
Indipendenza 26 giugno 1960 (dal Regno Unito) 1º luglio 1960 (dall'Italia)
81%
ISU 0,284
78%
Tasso di crescita 2,43%
78%
PIL (nominale) 4 920 milioni di $
78%
Risposta Somalia
76%
Nessun quiz corrispondente trovato
Distribuzione punteggi
Percentuale di utenti per punteggio
Percentile per numero di risposta
I tuoi punteggi nel tempo
Non hai fatto questo quiz